[Event "GER-ch Blitz"]
[Site "Munich"]
[Date "2025.05.24"]
[Round "13"]
[White "Donchenko, Alexander"]
[Black "Kopylov, Michael"]
[Result "1-0"]
[WhiteElo "2615"]
[BlackElo "2333"]
[PlyCount "87"]
[EventDate "2025.05.24"]
[EventType "tourn (blitz)"]
[EventRounds "29"]
[EventCountry "GER"]
[EventCategory "6"]
[SourceTitle "CB22_2025"]
[SourceDate "2025.05.28"]
[SourceVersion "1"]
[SourceVersionDate "2025.05.28"]
[SourceQuality "1"]

1. d4 Nf6 2. c4 c5 3. d5 b5 4. cxb5 a6 5. bxa6 g6 6. Nc3 Bxa6 7. Nf3 Bg7 8. e4 Bxf1 9. Kxf1 d6 10. g3 0-0 11. Kg2 Qb6 12. Qe2 Nbd7 13. a4 Rfb8 14. Bd2 Ne8 15. Rhb1 Qb3 16. Ra3 Qb7 17. b3 Nc7 18. Ra2 Qa6 19. Kf1 Rb7 20. Ra3 Qb6 21. a5 Qa6 22. Na4 Rab8 23. Qxa6 Nxa6 24. Bc3 c4 25. Nd2 Ndc5 26. Bxg7 Kxg7 27. Nxc5 Nxc5 28. Nxc4 Nxe4 29. a6 Ra7 30. b4 Rb5 31. Rbb3 e6 32. dxe6 d5 33. e7 Rxe7 34. a7 Rxa7 35. Rxa7 dxc4 36. Re3 Nd6 37. Ra4 Nf5 38. Rc3 Nd6 39. Ra6 Rd5 40. Kg2 Kf8 41. Rc6 Ke7 42. Rc5 Rd4 43. b5 Ne4 44. R3xc4 1-0

[Event "GER-ch Blitz"]
[Site "Munich"]
[Date "2025.05.24"]
[Round "26"]
[White "Kopylov, Michael"]
[Black "Reichmann, Hendrik"]
[Result "1-0"]
[WhiteElo "2333"]
[BlackElo "2306"]
[PlyCount "47"]
[EventDate "2025.05.24"]
[EventType "tourn (blitz)"]
[EventRounds "29"]
[EventCountry "GER"]
[EventCategory "6"]
[SourceTitle "CB22_2025"]
[SourceDate "2025.05.28"]
[SourceVersion "1"]
[SourceVersionDate "2025.05.28"]
[SourceQuality "1"]

1. d4 Nf6 2. c4 e6 3. g3 Bb4+ 4. Nd2 c5 5. a3 Bxd2+ 6. Qxd2 cxd4 7. Nf3 0-0 8. Nxd4 Ne4 9. Qc2 d5 10. Bg2 f5 11. 0-0 Nc6 12. Be3 Bd7 13. cxd5 exd5 14. Qb3 Nxd4 15. Bxd4 Bc6 16. Rac1 Nd2 17. Qd3 Nxf1 18. Kxf1 Qd7 19. Bf3 Rae8 20. Bxa7 f4 21. Kg2 fxg3 22. hxg3 Qf7 23. Bd4 Re6 24. Rh1 1-0

[Event "GER-ch Blitz"]
[Site "Munich"]
[Date "2025.05.24"]
[Round "4"]
[White "Rosner, Jonas"]
[Black "Kopylov, Michael"]
[Result "1/2-1/2"]
[WhiteElo "2426"]
[BlackElo "2333"]
[PlyCount "46"]
[EventDate "2025.05.24"]
[EventType "tourn (blitz)"]
[EventRounds "29"]
[EventCountry "GER"]
[EventCategory "6"]
[SourceTitle "CB22_2025"]
[SourceDate "2025.05.28"]
[SourceVersion "1"]
[SourceVersionDate "2025.05.28"]
[SourceQuality "1"]

1. c4 Nf6 2. Nf3 g6 3. d4 c5 4. g3 Bg7 5. Bg2 0-0 6. 0-0 cxd4 7. Nxd4 d5 8. cxd5 Nxd5 9. Nb5 Be6 10. Nd4 Bc8 11. Nc3 Nxc3 12. bxc3 Nd7 13. Rb1 Qa5 14. Bxb7 Bxb7 15. Rxb7 Nc5 16. Rb5 Qxc3 17. Nc6 Qc4 18. Rb4 Qxa2 19. Nxe7+ Kh8 20. Be3 Ne6 21. Ra4 Qb2 22. Qd3 Rfd8 23. Qe4 Qxe2 1/2-1/2

[Event "GER-ch Blitz"]
[Site "Munich"]
[Date "2025.05.24"]
[Round "6"]
[White "Schneider, Bernd"]
[Black "Kopylov, Michael"]
[Result "1/2-1/2"]
[WhiteElo "2339"]
[BlackElo "2333"]
[PlyCount "28"]
[EventDate "2025.05.24"]
[EventType "tourn (blitz)"]
[EventRounds "29"]
[EventCountry "GER"]
[EventCategory "6"]
[SourceTitle "CB22_2025"]
[SourceDate "2025.05.28"]
[SourceVersion "1"]
[SourceVersionDate "2025.05.28"]
[SourceQuality "1"]

1. c4 Nf6 2. Nc3 g6 3. g3 c5 4. Bg2 Bg7 5. Nf3 0-0 6. d4 Nc6 7. d5 Na5 8. Nd2 d6 9. 0-0 a6 10. Rb1 Rb8 11. b4 cxb4 12. Rxb4 Qc7 13. Bb2 Bd7 14. Qa1 b5 1/2-1/2

[Event "GER-ch Blitz"]
[Site "Munich"]
[Date "2025.05.24"]
[Round "17"]
[White "Zwahr, Paul"]
[Black "Kopylov, Michael"]
[Result "1-0"]
[WhiteElo "2272"]
[BlackElo "2333"]
[PlyCount "87"]
[EventDate "2025.05.24"]
[EventType "tourn (blitz)"]
[EventRounds "29"]
[EventCountry "GER"]
[EventCategory "6"]
[SourceTitle "CB22_2025"]
[SourceDate "2025.05.28"]
[SourceVersion "1"]
[SourceVersionDate "2025.05.28"]
[SourceQuality "1"]

1. e4 e6 2. d4 d5 3. Nc3 dxe4 4. Nxe4 Nd7 5. Nf3 Ngf6 6. Nxf6+ Nxf6 7. Be3 Nd5 8. Bd3 c5 9. Qd2 Be7 10. 0-0-0 0-0 11. Kb1 Qc7 12. dxc5 Nxe3 13. Qxe3 Qxc5 14. Qe4 f5 15. Qe5 b6 16. Rhf1 Bf6 17. Qxc5 bxc5 18. Bc4 Rb8 19. b3 Rb6 20. Rfe1 a5 21. a4 Rd8 22. Rxd8+ Bxd8 23. Ne5 Rd6 24. f4 Bf6 25. Kc1 g5 26. g3 Kg7 27. Nd3 Rc6 28. Kd2 h5 29. c3 Rd6 30. Kc2 Kg6 31. Nxc5 gxf4 32. gxf4 h4 33. Bxe6 Rc6 34. b4 axb4 35. cxb4 Kh5 36. h3 Kg6 37. Kd3 Rd6+ 38. Kc2 Rc6 39. Bxc8 Rxc8 40. Re6 Kf7 41. Rd6 Rg8 42. Rd3 Rg3 43. a5 Bd8 44. Rxd8 1-0

[Event "Kolding SonFlow Cup-A"]
[Site "Kolding"]
[Date "2025.05.04"]
[Round "5"]
[White "Kopylov, Michael"]
[Black "Kistrup, Nicolai"]
[Result "0-1"]
[WhiteElo "2333"]
[BlackElo "2374"]
[PlyCount "76"]
[EventDate "2025.05.02"]
[EventType "swiss"]
[EventRounds "5"]
[EventCountry "DEN"]
[SourceTitle "CB19_2025"]
[SourceDate "2025.05.07"]
[SourceVersion "1"]
[SourceVersionDate "2025.05.07"]
[SourceQuality "1"]

1. Nf3 d5 2. c4 c6 3. d4 Nf6 4. Qc2 g6 5. Bf4 dxc4 6. Qxc4 Bg7 7. e3 0-0 8. Be2 Be6 9. Qc1 Nbd7 10. Nc3 c5 11. 0-0 Rc8 12. Rd1 cxd4 13. Nxd4 Bc4 14. Bxc4 Rxc4 15. Nde2 Ne4 16. Qc2 Qc8 17. Qd3 Nxc3 18. Nxc3 Nb6 19. Rac1 Na4 20. Nd5 Rxc1 21. Nxe7+ Kh8 22. Nxc8 Nxb2 23. Rxc1 Nxd3 24. Rc7 Nxf4 25. exf4 Rd8 26. g3 Bd4 27. Ne7 Bb6 28. Rxb7 Rd2 29. Nc6 Rxa2 30. Rxf7 a5 31. Ne5 Bxf2+ 32. Kg2 a4 33. Kf3 a3 34. Ng4 Bd4 35. Rd7 Rd2 36. Rd8+ Kg7 37. Rd7+ Kf8 38. Rd8+ Ke7 0-1

[Event "Roquetas de Mar op 36th"]
[Site "Roquetas de Mar"]
[Date "2025.01.04"]
[Round "4"]
[White "Kopylov, Michael"]
[Black "Jimenez Fernandez, Rebeca"]
[Result "1/2-1/2"]
[WhiteElo "2333"]
[BlackElo "2114"]
[PlyCount "39"]
[EventDate "2025.01.02"]
[EventType "swiss"]
[EventRounds "9"]
[EventCountry "ESP"]
[SourceTitle "CB02_2025"]
[SourceDate "2025.01.08"]
[SourceVersion "1"]
[SourceVersionDate "2025.01.08"]
[SourceQuality "1"]

1. d4 Nf6 2. Nf3 d5 3. g3 e6 4. Bg2 c5 5. 0-0 Nc6 6. c4 cxd4 7. Nxd4 Bc5 8. Nb3 Bb6 9. Nc3 dxc4 10. Nd2 Na5 11. Qc2 Bd7 12. Nde4 Nxe4 13. Nxe4 0-0 14. Rd1 Qe7 15. Bf4 Rfd8 16. Bd6 Qe8 17. Bb4 Ba4 18. Rxd8 Rxd8 19. Qc3 Nc6 20. Nd6 1/2-1/2

[Event "Roquetas de Mar op 36th"]
[Site "Roquetas de Mar"]
[Date "2025.01.03"]
[Round "2"]
[White "Kopylov, Michael"]
[Black "Juan Lepp, Jaime Boris"]
[Result "1-0"]
[WhiteElo "2333"]
[BlackElo "2143"]
[PlyCount "75"]
[EventDate "2025.01.02"]
[EventType "swiss"]
[EventRounds "9"]
[EventCountry "ESP"]
[SourceTitle "CB02_2025"]
[SourceDate "2025.01.08"]
[SourceVersion "1"]
[SourceVersionDate "2025.01.08"]
[SourceQuality "1"]

1. Nf3 d5 2. c4 e6 3. g3 dxc4 4. Qa4+ Nd7 5. Qxc4 a6 6. Bg2 b5 7. Qc2 Bb7 8. 0-0 Ngf6 9. a4 Bd6 10. Nc3 b4 11. Nd1 Nc5 12. Ne3 0-0 13. Nc4 Rb8 14. d3 Qe7 15. e4 e5 16. Be3 Nfd7 17. Rfc1 f6 18. Na5 Ba8 19. d4 exd4 20. Nxd4 Bxe4 21. Ndc6 Bxc2 22. Nxe7+ Bxe7 23. Rxc2 Bd6 24. Nc6 Rb6 25. a5 Rb5 26. Bf1 b3 27. Bxb5 bxc2 28. Bc4+ Kh8 29. b4 Ne4 30. Bxa6 Ne5 31. Nxe5 Bxe5 32. Rc1 Rb8 33. Rxc2 Rxb4 34. Bd3 f5 35. a6 Ra4 36. a7 Nf6 37. Rc5 Bd6 38. Rb5 1-0

[Event "Roquetas de Mar op 36th"]
[Site "Roquetas de Mar"]
[Date "2025.01.03"]
[Round "3"]
[White "Sivuk, Vitaly"]
[Black "Kopylov, Michael"]
[Result "1-0"]
[WhiteElo "2493"]
[BlackElo "2333"]
[PlyCount "65"]
[EventDate "2025.01.02"]
[EventType "swiss"]
[EventRounds "9"]
[EventCountry "ESP"]
[SourceTitle "CB02_2025"]
[SourceDate "2025.01.08"]
[SourceVersion "1"]
[SourceVersionDate "2025.01.08"]
[SourceQuality "1"]

1. d4 Nf6 2. c4 e5 3. dxe5 Ng4 4. Nc3 Bc5 5. e3 Nxe5 6. f4 Ng6 7. Nf3 0-0 8. Bd3 Re8 9. Ne4 Bb6 10. 0-0 d5 11. Neg5 Nd7 12. Nxf7 Kxf7 13. Ng5+ Kg8 14. Bxg6 Nf6 15. Bxe8 Qxe8 16. cxd5 Bf5 17. Qb3 h6 18. d6+ Kh8 19. Nf7+ Kh7 20. dxc7 Ne4 21. Qd5 Bg6 22. Ne5 Nf6 23. Qd6 Rc8 24. Nxg6 Qxg6 25. Bd2 Bxc7 26. Qc5 Ne4 27. Qc2 Rd8 28. Bc3 Bb6 29. Rae1 Kh8 30. f5 Qc6 31. f6 Rd2 32. fxg7+ Kh7 33. Rf8 1-0

[Event "Leer op"]
[Site "Leer"]
[Date "2024.11.02"]
[Round "5"]
[White "Kopylov, Michael"]
[Black "Schulze, Lara"]
[Result "1/2-1/2"]
[WhiteElo "2344"]
[BlackElo "2275"]
[PlyCount "29"]
[EventDate "2024.10.31"]
[EventType "swiss"]
[EventRounds "7"]
[EventCountry "GER"]
[SourceTitle "CB45_2024"]
[Source "ChessBase"]
[SourceDate "2024.11.06"]
[SourceVersion "1"]
[SourceVersionDate "2024.11.06"]
[SourceQuality "1"]

1. Nf3 d5 2. c4 e6 3. g3 Nf6 4. Bg2 dxc4 5. Qa4+ Bd7 6. Qxc4 c5 7. Ne5 Qc8 8. 0-0 Nc6 9. Nxd7 Qxd7 10. Nc3 Rc8 11. a3 Be7 12. Qa4 0-0 13. b4 Rfd8 14. bxc5 Bxc5 15. e3 1/2-1/2

[Event "Bielefeld rapid op"]
[Site "Bielefeld"]
[Date "2024.10.12"]
[Round "3"]
[White "Kopylov, Michael"]
[Black "Heider, Martin"]
[Result "0-1"]
[WhiteElo "2340"]
[BlackElo "2393"]
[PlyCount "92"]
[EventDate "2024.10.12"]
[EventType "swiss"]
[EventRounds "9"]
[EventCountry "GER"]
[SourceTitle "CB43_2024"]
[Source "Chessbase"]
[SourceDate "2024.10.23"]
[SourceVersion "1"]
[SourceVersionDate "2024.10.23"]
[SourceQuality "1"]

1. d4 Nf6 2. c4 g6 3. g3 c5 4. Nf3 Bg7 5. Bg2 Qa5+ 6. Bd2 Qb6 7. dxc5 Qxc5 8. Nc3 Qxc4 9. Rc1 Nc6 10. 0-0 0-0 11. Bg5 Qe6 12. Qa4 h6 13. Be3 Qg4 14. Qb3 Qb4 15. Qxb4 Nxb4 16. Nb5 Nc6 17. b4 Nd5 18. Bd2 a6 19. e4 Ndxb4 20. Nc7 Rb8 21. Nd5 Nxa2 22. Rc2 e6 23. Rxa2 exd5 24. exd5 Na7 25. Rb1 Nb5 26. Rxb5 axb5 27. Bf4 d6 28. Bxd6 Bf5 29. Bxb8 Rxb8 30. Ra5 Bd3 31. Bf1 Be4 32. Nd2 Bc3 33. Nxe4 Bxa5 34. Bxb5 Rd8 35. d6 f5 36. Nc5 Rxd6 37. Nxb7 Rd1+ 38. Kg2 Bb4 39. Kf3 Kg7 40. Ke3 g5 41. Bd3 Kf6 42. Nd8 Rh1 43. Nc6 Bc5+ 44. Kf3 Rxh2 45. g4 Rxf2+ 46. Kg3 f4+ 0-1

[Event "Leca da Palmeira op 3rd"]
[Site "Leca da Palmeira"]
[Date "2024.08.06"]
[Round "9"]
[White "Moldagali, Beksultan"]
[Black "Kopylov, Michael"]
[Result "1-0"]
[WhiteElo "2119"]
[BlackElo "2369"]
[PlyCount "57"]
[EventDate "2024.07.31"]
[EventType "swiss"]
[EventRounds "9"]
[EventCountry "POR"]
[SourceTitle "EXT 2025"]
[Source "ChessBase"]
[SourceDate "2024.10.14"]
[SourceVersion "1"]
[SourceVersionDate "2024.10.14"]
[SourceQuality "1"]

1. e4 c5 2. Nf3 e6 3. d4 cxd4 4. Nxd4 Qb6 5. Nb3 Qc7 6. a3 Nf6 7. Nc3 a6 8. Bd3 d6 9. f4 Nbd7 10. Qf3 b5 11. Bd2 Bb7 12. 0-0-0 Rc8 13. Kb1 Nb6 14. g4 d5 15. Rhf1 Na4 16. e5 Nxc3+ 17. Bxc3 d4 18. Qe2 dxc3 19. exf6 gxf6 20. f5 e5 21. g5 Be7 22. g6 hxg6 23. fxg6 fxg6 24. Bxg6+ Kf8 25. Qg4 Qc4 26. Qf5 Rh6 27. Na5 Qc7 28. Rd7 Be4 29. Qe6 1-0

[Event "Leca da Palmeira op 3rd"]
[Site "Leca da Palmeira"]
[Date "2024.08.05"]
[Round "8"]
[White "Kopylov, Michael"]
[Black "Christodoulaki, Antonia"]
[Result "1-0"]
[WhiteElo "2369"]
[BlackElo "1988"]
[PlyCount "95"]
[EventDate "2024.07.31"]
[EventType "swiss"]
[EventRounds "9"]
[EventCountry "POR"]
[SourceTitle "EXT 2025"]
[Source "ChessBase"]
[SourceDate "2024.10.14"]
[SourceVersion "1"]
[SourceVersionDate "2024.10.14"]
[SourceQuality "1"]

1. Nf3 d5 2. c4 e6 3. g3 h6 4. Bg2 Nf6 5. d4 Bd6 6. 0-0 0-0 7. Nc3 Nc6 8. b3 Re8 9. Nb5 a6 10. Nxd6 cxd6 11. Ba3 Ne4 12. Qd3 Qa5 13. Bb2 f5 14. Rfc1 Bd7 15. a3 Qb6 16. c5 Qd8 17. b4 Rc8 18. Nd2 Qf6 19. Rc2 Red8 20. Nb3 dxc5 21. dxc5 Ne5 22. Na5 Nxd3 23. Bxf6 Nxf6 24. exd3 Rc7 25. d4 Ba4 26. Rb2 Nd7 27. Re1 Kf7 28. Rbe2 Nf8 29. Re3 Re8 30. Bf3 Rce7 31. Kg2 Nh7 32. Bh5+ g6 33. Be2 Rc7 34. Rb1 Bb5 35. Bxb5 axb5 36. a4 bxa4 37. b5 Ra8 38. b6 Re7 39. Nxb7 Rxb7 40. c6 Rxb6 41. Rxb6 a3 42. c7 a2 43. Rb8 a1Q 44. c8Q Rxb8 45. Qxe6+ Kg7 46. Qe5+ Kf7 47. Qxb8 Ng5 48. Qe8+ 1-0

[Event "Leca da Palmeira op 3rd"]
[Site "Leca da Palmeira"]
[Date "2024.08.04"]
[Round "7"]
[White "Morais, Miguel Almeida"]
[Black "Kopylov, Michael"]
[Result "1/2-1/2"]
[WhiteElo "2015"]
[BlackElo "2369"]
[PlyCount "83"]
[EventDate "2024.07.31"]
[EventType "swiss"]
[EventRounds "9"]
[EventCountry "POR"]
[SourceTitle "EXT 2025"]
[Source "ChessBase"]
[SourceDate "2024.10.14"]
[SourceVersion "1"]
[SourceVersionDate "2024.10.14"]
[SourceQuality "1"]

1. d4 Nf6 2. c4 g6 3. g3 c5 4. dxc5 Qa5+ 5. Nc3 Bg7 6. Bd2 Qxc5 7. Rc1 0-0 8. Bg2 Nc6 9. b3 d6 10. Nd5 Qa3 11. Nc7 Rb8 12. Nb5 Qc5 13. Be3 Qb4+ 14. Bd2 Qc5 15. Be3 Qf5 16. Nf3 a6 17. Nh4 Qh5 18. Nc3 Bd7 19. h3 Qa5 20. Bd2 Qa3 21. 0-0 Rfc8 22. Nf3 b5 23. cxb5 axb5 24. Ne1 Nb4 25. Nc2 Nxc2 26. Rxc2 b4 27. Na4 Rxc2 28. Qxc2 Rc8 29. Qb1 Bxa4 30. bxa4 Qxa4 31. Bxb4 Rc2 32. a3 Rxe2 33. Bf3 Re5 34. Rc1 h5 35. Qc2 Qxc2 36. Rxc2 Nd5 37. Bd2 Nb6 38. Bc6 d5 39. a4 Nc4 40. Bc3 Rf5 41. Bxg7 Kxg7 42. Bxd5 1/2-1/2

[Event "Leca da Palmeira op 3rd"]
[Site "Leca da Palmeira"]
[Date "2024.08.03"]
[Round "6"]
[White "Kopylov, Michael"]
[Black "Monteiro, Paulo Alexandre G"]
[Result "0-1"]
[WhiteElo "2369"]
[BlackElo "2138"]
[PlyCount "76"]
[EventDate "2024.07.31"]
[EventType "swiss"]
[EventRounds "9"]
[EventCountry "POR"]
[SourceTitle "EXT 2025"]
[Source "ChessBase"]
[SourceDate "2024.10.14"]
[SourceVersion "1"]
[SourceVersionDate "2024.10.14"]
[SourceQuality "1"]

1. Nf3 c5 2. c4 d6 3. g3 e5 4. Nc3 Nc6 5. Bg2 g6 6. 0-0 Bg7 7. d3 Nge7 8. a3 a5 9. Rb1 0-0 10. Ne1 Be6 11. Nc2 d5 12. cxd5 Nxd5 13. Ne3 Nde7 14. Qa4 Nd4 15. Qd1 Bb3 16. Qe1 b5 17. Bxa8 Qxa8 18. Ne4 Qc6 19. Nd2 Be6 20. f3 f5 21. b3 f4 22. Ng2 fxg3 23. hxg3 Nef5 24. e3 Nxg3 25. exd4 Nxf1 26. Qxf1 exd4 27. Ne4 c4 28. bxc4 bxc4 29. Nf4 cxd3 30. Nxe6 Qxe6 31. Qxd3 Qh3 32. Rb3 Be5 33. Qe2 Rc8 34. Bd2 a4 35. Rb7 Rf8 36. Qc4+ Kh8 37. Qd5 Qh2+ 38. Kf1 Qh1+ 0-1

[Event "Leca da Palmeira op 3rd"]
[Site "Leca da Palmeira"]
[Date "2024.08.03"]
[Round "5"]
[White "Sarabando, Rodrigo Andias"]
[Black "Kopylov, Michael"]
[Result "0-1"]
[WhiteElo "2061"]
[BlackElo "2369"]
[PlyCount "64"]
[EventDate "2024.07.31"]
[EventType "swiss"]
[EventRounds "9"]
[EventCountry "POR"]
[SourceTitle "EXT 2025"]
[Source "ChessBase"]
[SourceDate "2024.10.14"]
[SourceVersion "1"]
[SourceVersionDate "2024.10.14"]
[SourceQuality "1"]

1. d4 Nf6 2. c4 e6 3. g3 c5 4. d5 exd5 5. cxd5 d6 6. Nc3 g6 7. Bg2 Bg7 8. Nf3 0-0 9. 0-0 Re8 10. Nd2 Nbd7 11. h3 a6 12. a4 Rb8 13. Nc4 Nb6 14. Na3 Bd7 15. Bf4 Qc7 16. a5 Nc8 17. Nc4 Bb5 18. Qb3 Bxc4 19. Qxc4 Nd7 20. Bf3 Ne5 21. Bxe5 Bxe5 22. Kg2 Ne7 23. e3 b5 24. axb6 Rxb6 25. Rxa6 Rxb2 26. Nb5 Qb8 27. Na7 Nf5 28. Kg1 Bxg3 29. Nc6 Qc8 30. Bg4 h5 31. Bxf5 Qxf5 32. Ra2 Qxh3 0-1

[Event "Titled Tuesday intern op 16th Jul Late"]
[Site "Chess.com INT"]
[Date "2024.07.16"]
[Round "11"]
[White "Khain, Evgeniy"]
[Black "Kopylov, Michael"]
[Result "1/2-1/2"]
[WhiteElo "1894"]
[BlackElo "2369"]
[PlyCount "193"]
[EventDate "2024.07.16"]
[EventType "swiss (blitz)"]
[EventRounds "11"]
[EventCountry "USA"]
[SourceTitle "EXT 2025"]
[Source "ChessBase"]
[SourceDate "2024.10.14"]
[SourceVersion "1"]
[SourceVersionDate "2024.10.14"]
[SourceQuality "1"]

1. e4 Nf6 2. Nc3 d5 3. e5 Nfd7 4. e6 fxe6 5. d4 c5 6. Bd3 g6 7. dxc5 Nxc5 8. h4 Bg7 9. h5 Nc6 10. hxg6 Nxd3+ 11. Qxd3 hxg6 12. Qxg6+ Kd7 13. Rxh8 Qxh8 14. Bd2 Ne5 15. Qg3 Nc4 16. 0-0-0 Be5 17. f4 Bf6 18. Nf3 b6 19. Qf2 Bb7 20. g4 Rc8 21. g5 Nxd2 22. gxf6 Nxf3 23. Qxf3 Qxf6 24. Qe3 Rc4 25. Rf1 Bc6 26. Ne2 Re4 27. Qd2 Bb5 28. Nc3 Bxf1 29. Nxe4 Qg7 30. Ng5 Ba6 31. Qe3 Qf6 32. Nf3 Qh8 33. Ne5+ Kc7 34. b3 Qh1+ 35. Kb2 Qe4 36. Qxe4 dxe4 37. Kc3 Kd6 38. Kd4 Bb7 39. Nc4+ Kd7 40. Nd2 Bc6 41. Nxe4 Bb7 42. Nd2 Kd6 43. Nc4+ Kd7 44. Ne5+ Kd6 45. c4 Ba8 46. b4 Bb7 47. c5+ bxc5+ 48. bxc5+ Kc7 49. a3 Bd5 50. Ng6 Kd7 51. Ne5+ Kc7 52. f5 Ba2 53. fxe6 Bxe6 54. Nd3 Bf7 55. Ne5 Be6 56. Nd3 Bg8 57. Ne5 Ba2 58. Nd3 Kd7 59. Ne5+ Ke6 60. Nc6 a6 61. Nb4 Bb3 62. Nxa6 Kd7 63. Nb4 Ba4 64. Kd5 Kc7 65. Ke6 Kd8 66. c6 Kc7 67. Kxe7 Bxc6 68. Ke6 Bf3 69. Ke5 Kb6 70. Kd4 Ka5 71. Kc3 Ka4 72. Kb2 Bg2 73. Nc2 Bf3 74. Ne3 Be4 75. Nd1 Bg6 76. Nc3+ Ka5 77. Kb3 Bf7+ 78. Kb2 Bg8 79. Ne4 Bf7 80. Nd6 Bg8 81. Ne4 Bf7 82. Nd2 Bg8 83. Nb3+ Bxb3 84. Kxb3 Kb5 85. a4+ Ka5 86. Ka3 Ka6 87. Kb4 Kb6 88. a5+ Ka6 89. Ka4 Ka7 90. Kb5 Kb7 91. a6+ Ka7 92. Ka5 Ka8 93. Kb5 Kb8 94. Ka5 Ka8 95. Kb6 Kb8 96. a7+ Ka8 97. Ka6 1/2-1/2

[Event "Titled Tuesday intern op 16th Jul Late"]
[Site "Chess.com INT"]
[Date "2024.07.16"]
[Round "1"]
[White "Kopylov, Michael"]
[Black "Bluebaum, Matthias"]
[Result "0-1"]
[WhiteElo "2369"]
[BlackElo "2640"]
[PlyCount "80"]
[EventDate "2024.07.16"]
[EventType "swiss (blitz)"]
[EventRounds "11"]
[EventCountry "USA"]
[SourceTitle "EXT 2025"]
[Source "ChessBase"]
[SourceDate "2024.10.14"]
[SourceVersion "1"]
[SourceVersionDate "2024.10.14"]
[SourceQuality "1"]

1. d4 d5 2. c4 e6 3. Nf3 Nf6 4. g3 Nc6 5. Bg2 Bd6 6. 0-0 0-0 7. Nbd2 a5 8. Qc2 Nb4 9. Qb1 c5 10. a3 Nc6 11. dxc5 Bxc5 12. Qc2 Bb6 13. e4 h6 14. exd5 exd5 15. c5 Bc7 16. Nb3 Ne4 17. Nbd4 Qf6 18. Rd1 Bg4 19. Be3 Rfe8 20. h3 Bh5 21. g4 Bg6 22. Qb3 Nxd4 23. Nxd4 Nxc5 24. Qxd5 Bb6 25. g5 hxg5 26. Bxg5 Qe5 27. Qxe5 Rxe5 28. Bf4 Ree8 29. b4 Nd3 30. Be3 Rad8 31. Nc2 Bxe3 32. Nxe3 axb4 33. axb4 Nxb4 34. Bxb7 Nd3 35. Bf3 Nf4 36. Kh2 Rb8 37. Kg3 Nd3 38. Ra2 Ne5 39. h4 Nxf3 40. Kxf3 Bh5+ 0-1

[Event "Titled Tuesday intern op 16th Jul Late"]
[Site "Chess.com INT"]
[Date "2024.07.16"]
[Round "4"]
[White "Stachanczyk, Jacek"]
[Black "Kopylov, Michael"]
[Result "0-1"]
[WhiteElo "2091"]
[BlackElo "2369"]
[PlyCount "50"]
[EventDate "2024.07.16"]
[EventType "swiss (blitz)"]
[EventRounds "11"]
[EventCountry "USA"]
[SourceTitle "EXT 2025"]
[Source "ChessBase"]
[SourceDate "2024.10.14"]
[SourceVersion "1"]
[SourceVersionDate "2024.10.14"]
[SourceQuality "1"]

1. e4 Nf6 2. e5 Nd5 3. d4 d6 4. Nf3 dxe5 5. Nxe5 c6 6. a3 Bf5 7. c4 Nf6 8. Nc3 Nbd7 9. Nf3 e6 10. Be2 h6 11. 0-0 Bd6 12. Be3 0-0 13. Qd2 e5 14. dxe5 Nxe5 15. Nxe5 Bxe5 16. Rac1 Qc7 17. g3 Rad8 18. Qe1 Ng4 19. Bf3 Rfe8 20. Bxg4 Bxg4 21. Kg2 Qd7 22. Rg1 Qf5 23. h4 Bxg3 24. fxg3 Qf3+ 25. Kh2 Rxe3 0-1

[Event "Fredericia"]
[Site "Fredericia"]
[Date "2024.05.12"]
[Round "9"]
[White "Liu, Casper Yukun"]
[Black "Kopylov, Michael"]
[Result "1-0"]
[WhiteElo "2307"]
[BlackElo "2377"]
[PlyCount "83"]
[EventDate "2024.05.08"]
[EventType "tourn"]
[EventRounds "9"]
[EventCountry "DEN"]
[EventCategory "3"]
[SourceTitle "CBM 220 Extra"]
[Source "ChessBase"]
[SourceDate "2024.07.31"]
[SourceVersion "1"]
[SourceVersionDate "2024.07.31"]
[SourceQuality "1"]

1. d4 Nf6 2. c4 c5 3. d5 e6 4. Nc3 exd5 5. cxd5 d6 6. Nf3 g6 7. Nd2 Bg7 8. e4 0-0 9. Be2 Re8 10. 0-0 Na6 11. Re1 Nc7 12. a4 Rb8 13. f3 b6 14. Nc4 Ba6 15. Bg5 Qd7 16. Qd2 Bxc4 17. Bxc4 a6 18. e5 Rxe5 19. Rxe5 dxe5 20. d6 Ne6 21. Bxf6 Bxf6 22. Ne4 Bg7 23. a5 Nd4 24. axb6 Rxb6 25. Qa5 Rc6 26. Bxa6 f5 27. Bc4+ Kh8 28. Qa8+ Rc8 29. Nxc5 Qc6 30. Qxc6 Nxc6 31. Ra6 Nd8 32. b4 e4 33. Kf1 exf3 34. gxf3 Bd4 35. d7 Rb8 36. Ne6 Bf6 37. b5 Be7 38. Rc6 Rb7 39. Rc7 Rxc7 40. Nxc7 Kg7 41. b6 Bc5 42. Ne6+ 1-0

[Event "Fredericia"]
[Site "Fredericia"]
[Date "2024.05.08"]
[Round "1"]
[White "Kopylov, Michael"]
[Black "Licznerski, Lukasz"]
[Result "0-1"]
[WhiteElo "2377"]
[BlackElo "2419"]
[PlyCount "74"]
[EventDate "2024.05.08"]
[EventType "tourn"]
[EventRounds "9"]
[EventCountry "DEN"]
[EventCategory "3"]
[SourceTitle "CBM 220 Extra"]
[Source "ChessBase"]
[SourceDate "2024.07.31"]
[SourceVersion "1"]
[SourceVersionDate "2024.07.31"]
[SourceQuality "1"]

1. d4 Nf6 2. c4 e6 3. g3 c5 4. Nf3 cxd4 5. Nxd4 d5 6. Bg2 e5 7. Nf3 d4 8. 0-0 Nc6 9. e3 Be7 10. exd4 exd4 11. Bf4 0-0 12. Ne5 Qb6 13. Qb3 Na5 14. Qxb6 axb6 15. Nd2 Nh5 16. Rfe1 Nxf4 17. gxf4 Bb4 18. Rad1 Be6 19. a3 Bxd2 20. Rxd2 Rfd8 21. b4 Nb3 22. Rd3 f6 23. Nc6 Bxc4 24. Nxd8 Rxd8 25. Rdd1 b5 26. Bxb7 d3 27. Kg2 d2 28. Re3 Nc1 29. Kf3 f5 30. Bc6 Rd6 31. Be8 Kf8 32. a4 bxa4 33. Bxa4 Bd5+ 34. Kg3 Rg6+ 35. Kh3 Bg2+ 36. Kh4 Rg4+ 37. Kh5 Kf7 0-1